Audit účtovných závierok (poznámky k rozsahu vzorky, jej výberu a vyhodnoteniu)
Praktické aspekty práce audítora so vzorkami pri testoch vecnej správnosti. Vybrané metodické problémy pri testovaní vzoriek transakcií, zostatkov a zverejnení v účtovnej závierke, pri dvoch metódach výberu vzorky a to metóde systematického výberu vzorky a metóde výberu vzorky pomocou peňažnej jedno...
Uložené v:
| Hlavný autor: | |
|---|---|
| Médium: | Kapitola |
| Jazyk: | Slovak |
| Predmet: | |
| Tagy: |
Žiadne tagy, Buďte prvý, kto otaguje tento záznam!
|
MARC
| LEADER | 00000nla a2200000 4500 | ||
|---|---|---|---|
| 001 | 0237593 | ||
| 005 | 20240502073834.9 | ||
| 041 | 0 | |a slo | |
| 044 | |a SK | ||
| 245 | 1 | 0 | |a Audit účtovných závierok (poznámky k rozsahu vzorky, jej výberu a vyhodnoteniu) |c František Maděra |
| 520 | |a Praktické aspekty práce audítora so vzorkami pri testoch vecnej správnosti. Vybrané metodické problémy pri testovaní vzoriek transakcií, zostatkov a zverejnení v účtovnej závierke, pri dvoch metódach výberu vzorky a to metóde systematického výberu vzorky a metóde výberu vzorky pomocou peňažnej jednotky (MUS). Praktické problémy metodiky neštatistického výberu, ktorým môžeme dosiahnuť porovnateľné výsledky ako pri štatistickom výbere. Otázky súvisiace s prípravou audítora na výber vzorky, s rozsahom vzorky, s výberom vzorky a s vyhodnotením testovania vzorky. | ||
| 610 | 2 | 0 | |a závierka účtovná |
| 610 | 2 | 0 | |a audit |
| 610 | 2 | 0 | |a audit finančný |
| 610 | 2 | 0 | |a audítori |
| 610 | 2 | 0 | |a testy |
| 100 | 1 | |a Maděra, František | |